Countries of the world only by their cities #2 - Statistics

General Stats
  • This quiz has been taken 22 times
  • The average score is 11 of 16
Answer Stats
Picture Answer % Correct
Brazil
100%
Argentina
95%
Spain
95%
Cuba
86%
Turkey
86%
Croatia
81%
Netherlands
81%
Russia
81%
Switzerland
81%
Denmark
67%
Greece
62%
Iceland
57%
Democratic Republic of the Congo
52%
Malaysia
52%
South Korea
29%
United Arab Emirates
14%
No matching quizzes found
Score Distribution
Percent of People with Each Score
Percentile by Number Answered
Your Score History
You have not taken this quiz